NFL Top 100 Buffalo Bills Players of All Time - Statistics

General Stats
  • This quiz has been taken 185 times
  • The average score is 11 of 100
Answer Stats
Rank Answer % Correct
2 Jim Kelly
97%
1 Bruce Smith
85%
6 Andre Reed
83%
4 Thurman Thomas
81%
3 OJ Simpson
78%
26 LeSean McCoy
42%
48 Mario Williams
42%
67 Stevie Johnson
42%
36 Jack Kemp
40%
38 Fred Jackson
38%
14 Joe Ferguson
37%
19 Cornelius Bennett
36%
100 Doug Flutie
36%
77 Drew Bledsoe
33%
15 Eric Moulds
32%
94 Ryan Fitzpatrick
28%
20 James Lofton
25%
52 Bryce Paup
21%
35 Lee Evans
18%
17 Steve Tasker
9%
72 Jason Peters
8%
28 Stephon Gilmore
8%
10 Darryl Talley
7%
5 Joe DeLamielleure
7%
9 Cookie Gilchrist
6%
18 Fred Smerlas
6%
11 Kent Hull
6%
44 Joe Cribbs
5%
12 Kyle Williams
5%
32 Butch Byrd
4%
7 Billy Shaw
3%
42 Eric Wood
3%
85 Josh Reed
3%
80 Peerless Price
3%
59 Pete Metzelaars
3%
31 Reggie McKenzie
3%
71 Richie Incognito
3%
16 Ruben Brown
3%
40 Steve Christie
3%
66 Travis Henry
3%
53 Ben Williams
2%
58 Bob Chandler
2%
39 Booker Edgerson
2%
46 Brian Moorman
2%
95 Ernie Warlick
2%
47 George Saimes
2%
57 Harry Jacobs
2%
78 Howard Ballard
2%
30 Jerry Butler
2%
37 Jerry Hughes
2%
70 Jim Dunaway
2%
56 Jim Haslett
2%
13 Jim Ritcher
2%
21 London Fletcher
2%
50 Mike Stratton
2%
51 Phil Hansen
2%
87 Rian Lindell
2%
54 Robert James
2%
63 Ron McDole
2%
29 Shane Conlan
2%
34 Ted Washington
2%
8 Tom Sestak
2%
81 Tony Greene
2%
24 Aaron Schobel
1%
90 Aaron Williams
1%
76 Al Bemiller
1%
33 Antoine Winfield
1%
88 Charles Clay
1%
69 Charles Romes
1%
75 Chris Kelsay
1%
99 Chris Mohr
1%
74 Derrick Burroughs
1%
41 Elbert Dubenion
1%
93 Eugene Marve
1%
49 Frank Lewis
1%
43 Henry Jones
1%
68 Jairus Byrd
1%
98 Jay Riemersma
1%
61 Joe Devlin
1%
62 John Fina
1%
86 Ken Jones
1%
60 Leodis McKelvin
1%
73 Leonard Smith
1%
82 Lucius Sanford
1%
65 Marcel Dareus
1%
83 Mario Clark
1%
92 Mark Pike
1%
45 Nate Clements
1%
23 Nate Odomes
1%
64 Pat Williams
1%
91 Paul Maguire
1%
89 Roscoe Parrish
1%
84 Sherman White
1%
55 Steve Freeman
1%
22 Stew Barber
1%
25 Terrence McGee
1%
79 Thomas Smith
1%
96 Trey Teague
1%
97 Will Grant
1%
27 Will Wolford
1%
No matching quizzes found
Score Distribution
Percent of People with Each Score
Percentile by Number Answered
Your Score History
You have not taken this quiz